Tous les Pokémon (0001-1025) - Dans l'ordre - Statistiques

Statistiques générales
  • Ce quiz a été pris 96 fois
    92 depuis la dernière actualisation
  • Le résultat moyen est 483 sur 1025
Statistiques - réponses
Nom % Correct
0001 Bulbizarre
96%
0003 Florizarre
96%
0008 Carabaffe
92%
0007 Carapuce
92%
0006 Dracaufeu
92%
0002 Herbizarre
92%
0005 Reptincel
92%
0004 Salamèche
92%
0009 Tortank
92%
0013 Aspicot
88%
0010 Chenipan
88%
0011 Chrysacier
88%
0014 Coconfort
88%
0015 Dardargnan
88%
0012 Papilusion
88%
0023 Abo
84%
0024 Arbok
84%
0021 Piafabec
84%
0025 Pikachu
84%
0026 Raichu
84%
0022 Rapasdepic
84%
0019 Rattata
84%
0020 Rattatac
84%
0018 Roucarnage
84%
0016 Roucool
84%
0017 Roucoups
84%
0034 Nidoking
76%
0031 Nidoqueen
76%
0029 Nidoran♀
76%
0032 Nidoran♂
76%
0030 Nidorina
76%
0033 Nidorino
76%
0027 Sabelette
76%
0028 Sablaireau
76%
0035 Mélofée
72%
0038 Feunard
72%
0037 Goupix
72%
0036 Mélodelfe
72%
0160 Aligatueur
68%
0165 Coxy
68%
0166 Coxyclaque
68%
0159 Crocrodil
68%
0156 Feurisson
68%
0162 Fouinar
68%
0161 Fouinette
68%
0152 Germignon
68%
0040 Grodoudou
68%
0155 Héricendre
68%
0163 Hoothoot
68%
0158 Kaiminus
68%
0153 Macronium
68%
0154 Méganium
68%
0151 Mew
68%
0168 Migalos
68%
0167 Mimigal
68%
0043 Mystherbe
68%
0164 Noarfang
68%
0042 Nosferalto
68%
0041 Nosferapti
68%
0044 Ortide
68%
0039 Rondoudou
68%
0157 Typhlosion
68%
0049 Aéromite
64%
0139 Amonistar
64%
0138 Amonita
64%
0144 Artikodin
64%
0148 Draco
64%
0149 Dracolosse
64%
0145 Électhor
64%
0101 Électrode
64%
0140 Kabuto
64%
0141 Kabutops
64%
0150 Mewtwo
64%
0048 Mimitoss
64%
0147 Minidraco
64%
0046 Paras
64%
0047 Parasect
64%
0142 Ptéra
64%
0045 Rafflesia
64%
0143 Ronflex
64%
0146 Sulfura
64%
0100 Voltorbe
64%
0063 Abra
60%
0055 Akwakwak
60%
0065 Alakazam
60%
0134 Aquali
60%
0059 Arcanin
60%
0070 Boustiflor
60%
0083 Canarticho
60%
0058 Caninos
60%
0069 Chétiflor
60%
0057 Colossinge
60%
0198 Cornèbre
60%
0189 Cotovol
60%
0091 Crustabri
60%
0085 Dodrio
60%
0084 Doduo
60%
0094 Ectoplasma
60%
0125 Élektek
60%
0071 Empiflor
60%
0133 Évoli
60%
0108 Excelangue
60%
0092 Fantominus
60%
0056 Férosinge
60%
0200 Feuforêve
60%
0080 Flagadoss
60%
0188 Floravol
60%
0078 Galopa
60%
0187 Granivol
60%
0075 Gravalanch
60%
0076 Grolem
60%
0089 Grotadmorv
60%
0097 Hypnomade
60%
0117 Hypocéan
60%
0116 Hypotrempe
60%
0123 Insécateur
60%
0064 Kadabra
60%
0115 Kangourex
60%
0106 Kicklee
60%
0090 Kokiyas
60%
0099 Krabboss
60%
0098 Krabby
60%
0087 Lamantine
60%
0171 Lanturn
60%
0113 Leveinard
60%
0130 Léviator
60%
0124 Lippoutou
60%
0131 Lokhlass
60%
0170 Loupio
60%
0066 Machoc
60%
0067 Machopeur
60%
0068 Mackogneur
60%
0129 Magicarpe
60%
0126 Magmar
60%
0081 Magnéti
60%
0082 Magnéton
60%
0173 Mélo
60%
0196 Mentali
60%
0132 Métamorph
60%
0052 Miaouss
60%
0122 M. Mime
60%
0103 Noadkoko
60%
0197 Noctali
60%
0102 Noeunoeuf
60%
0169 Nostenfer
60%
0095 Onix
60%
0105 Ossatueur
60%
0104 Osselait
60%
0086 Otaria
60%
0053 Persian
60%
0172 Pichu
60%
0118 Poissirène
60%
0119 Poissoroy
60%
0077 Ponyta
60%
0137 Porygon
60%
0054 Psykokwak
60%
0060 Ptitard
60%
0136 Pyroli
60%
0074 Racaillou
60%
0079 Ramoloss
60%
0111 Rhinocorne
60%
0112 Rhinoféros
60%
0199 Roigada
60%
0114 Saquedeneu
60%
0127 Scarabrute
60%
0109 Smogo
60%
0110 Smogogo
60%
0096 Soporifik
60%
0093 Spectrum
60%
0120 Stari
60%
0121 Staross
60%
0088 Tadmorv
60%
0062 Tartard
60%
0050 Taupiqueur
60%
0128 Tauros
60%
0072 Tentacool
60%
0073 Tentacruel
60%
0061 Têtarte
60%
0175 Togepi
60%
0176 Togetic
60%
0174 Toudoudou
60%
0051 Triopikeur
60%
0107 Tygnon
60%
0135 Voltali
60%
0194 Axoloto
56%
0184 Azumarill
56%
0190 Capumain
56%
0205 Foretress
56%
0203 Girafarig
56%
0192 Héliatronc
56%
0206 Insolourdo
56%
0182 Joliflor
56%
0180 Lainergie
56%
0195 Maraiste
56%
0183 Marill
56%
0177 Natu
56%
0181 Pharamp
56%
0204 Pomdepik
56%
0202 Qulbutoké
56%
0185 Simularbre
56%
0208 Steelix
56%
0186 Tarpaud
56%
0191 Tournegrin
56%
0179 Wattouat
56%
0178 Xatu
56%
0193 Yanma
56%
0201 Zarbi
56%
0252 Arcko
52%
0266 Armulys
52%
0268 Blindalys
52%
0388 Boskara
52%
0257 Braségali
52%
0545 Brutapode
52%
0213 Caratroc
52%
0400 Castorno
52%
0251 Celebi
52%
0509 Chacripan
52%
0267 Charmillon
52%
0265 Chenipotte
52%
0391 Chimpenfeu
52%
0503 Clamiral
52%
0520 Colombeau
52%
0463 Coudlangue
52%
0541 Couverdure
52%
0401 Crikzik
52%
0521 Déflaisan
52%
0386 Deoxys
52%
0461 Dimoret
52%
0241 Écrémeuh
52%
0466 Élekable
52%
0246 Embrylex
52%
0244 Entei
52%
0398 Étouraptor
52%
0396 Étourmi
52%
0397 Étourvol
52%
0511 Feuillajou
52%
0512 Feuiloutan
52%
0513 Flamajou
52%
0514 Flamoutan
52%
0259 Flobio
52%
0515 Flotajou
52%
0516 Flotoutan
52%
0256 Galifeu
52%
0471 Givrali
52%
0258 Gobou
52%
0262 Grahyèna
52%
0273 Grainipiot
52%
0210 Granbull
52%
0499 Grotichon
52%
0383 Groudon
52%
0498 Gruikui
52%
0277 Hélédelle
52%
0250 Ho-Oh
52%
0385 Jirachi
52%
0254 Jungko
52%
0399 Keunotor
52%
0382 Kyogre
52%
0260 Laggron
52%
0540 Larveyette
52%
0380 Latias
52%
0381 Latios
52%
0510 Léopardus
52%
0242 Leuphorie
52%
0496 Lianaja
52%
0264 Linéon
52%
0403 Lixy
52%
0271 Lombre
52%
0272 Ludicolo
52%
0249 Lugia
52%
0404 Luxio
52%
0405 Luxray
52%
0467 Maganon
52%
0462 Magnézone
52%
0497 Majaspic
52%
0542 Manternel
52%
0253 Massko
52%
0508 Mastouffe
52%
0502 Mateloutre
52%
0261 Medhyèna
52%
0402 Mélokrik
52%
0505 Miradar
52%
0501 Moustillon
52%
0517 Munna
52%
0518 Mushana
52%
0270 Nénupiot
52%
0276 Nirondelle
52%
0390 Ouisticram
52%
0269 Papinox
52%
0470 Phyllali
52%
0274 Pifeuil
52%
0395 Pingoléon
52%
0519 Poichigeon
52%
0507 Ponchien
52%
0506 Ponchiot
52%
0255 Poussifeu
52%
0394 Prinplouf
52%
0211 Qwilfish
52%
0243 Raikou
52%
0504 Ratentif
52%
0384 Rayquaza
52%
0378 Regice
52%
0377 Regirock
52%
0379 Registeel
52%
0464 Rhinastoc
52%
0500 Roitiflam
52%
0544 Scobolide
52%
0207 Scorplane
52%
0392 Simiabraz
52%
0209 Snubbull
52%
0245 Suicune
52%
0275 Tengalice
52%
0393 Tiplouf
52%
0468 Togekiss
52%
0389 Torterra
52%
0387 Tortipouss
52%
0248 Tyranocif
52%
0543 Venipatte
52%
0494 Victini
52%
0495 Vipélierre
52%
0469 Yanmega
52%
0247 Ymphect
52%
0263 Zigzaton
52%
0359 Absol
48%
0227 Airmure
48%
0334 Altaria
48%
0658 Amphinobi
48%
0347 Anorith
48%
0416 Apireine
48%
0415 Apitrini
48%
0283 Arakdo
48%
0493 Arceus
48%
0724 Archéduc
48%
0437 Archéodong
48%
0436 Archéomire
48%
0735 Argouste
48%
0348 Armaldo
48%
0317 Avaltout
48%
0298 Azurill
48%
0458 Babimanta
48%
0343 Balbuto
48%
0285 Balignon
48%
0711 Banshitrouye
48%
0340 Barbicha
48%
0339 Barloche
48%
0349 Barpau
48%
0411 Bastiodon
48%
0536 Batracné
48%
0425 Baudrive
48%
0733 Bazoucan
48%
0279 Bekipan
48%
0534 Bétochef
48%
0652 Blindépique
48%
0460 Blizzaroi
48%
0459 Blizzi
48%
0651 Boguérisse
48%
0465 Bouldeneu
48%
0662 Braisillon
48%
0354 Branette
48%
0722 Brindibou
48%
0708 Brocélôme
48%
0295 Brouhabam
48%
0715 Bruyverne
48%
0672 Cabriolaine
48%
0331 Cacnea
48%
0332 Cacturne
48%
0225 Cadoizo
48%
0323 Camérupt
48%
0424 Capidextre
48%
0445 Carchacrok
48%
0444 Carmache
48%
0318 Carvanha
48%
0234 Cerfrousse
48%
0420 Ceribou
48%
0421 Ceriflor
48%
0432 Chaffreux
48%
0431 Chaglam
48%
0322 Chamallot
48%
0286 Chapignon
48%
0409 Charkos
48%
0308 Charmina
48%
0532 Charpenti
48%
0324 Chartor
48%
0413 Cheniselle
48%
0412 Cheniti
48%
0673 Chevroum
48%
0548 Chlorobule
48%
0527 Chovsourir
48%
0737 Chrysapile
48%
0293 Chuchmur
48%
0212 Cizayox
48%
0454 Coatox
48%
0221 Cochignon
48%
0342 Colhomard
48%
0705 Colimucus
48%
0366 Coquiperl
48%
0222 Corayon
48%
0430 Corboss
48%
0739 Crabagarre
48%
0740 Crabominable
48%
0453 Cradopaud
48%
0537 Crapustule
48%
0482 Créfadet
48%
0481 Créfollet
48%
0480 Créhelf
48%
0488 Cresselia
48%
0657 Croâporal
48%
0491 Darkrai
48%
0236 Debugant
48%
0301 Delcatty
48%
0226 Démanta
48%
0229 Démolosse
48%
0709 Desséliande
48%
0483 Dialga
48%
0719 Diancie
48%
0410 Dinoclier
48%
0232 Donphan
48%
0546 Doudouvet
48%
0371 Draby
48%
0372 Drackhaus
48%
0452 Drascore
48%
0373 Drattak
48%
0309 Dynavolt
48%
0456 Écayon
48%
0341 Écrapince
48%
0723 Efflèche
48%
0310 Élecsprint
48%
0239 Élekid
48%
0358 Éoko
48%
0660 Excavarenne
48%
0547 Farfaduvet
48%
0727 Félinferno
48%
0653 Feunnec
48%
0669 Flabébé
48%
0663 Flambusard
48%
0725 Flamiaou
48%
0670 Floette
48%
0671 Florges
48%
0549 Fragilady
48%
0305 Galegon
48%
0304 Galekid
48%
0306 Galeking
48%
0475 Gallame
48%
0282 Gardevoir
48%
0525 Géolithe
48%
0526 Gigalithe
48%
0487 Giratina
48%
0316 Gloupti
48%
0278 Goélise
48%
0446 Goinfrex
48%
0655 Goupelin
48%
0712 Grelaçon
48%
0656 Grenousse
48%
0443 Griknot
48%
0426 Grodrive
48%
0326 Groret
48%
0297 Hariyama
48%
0485 Heatran
48%
0667 Hélionceau
48%
0450 Hippodocus
48%
0449 Hippopotas
48%
0720 Hoopa
48%
0230 Hyporoi
48%
0538 Judokrak
48%
0365 Kaimorse
48%
0344 Kaorine
48%
0237 Kapoera
48%
0539 Karaclée
48%
0352 Kecleon
48%
0281 Kirlia
48%
0433 Korillon
48%
0328 Kraknoix
48%
0408 Kranidos
48%
0427 Laporeille
48%
0736 Larvibule
48%
0664 Lépidonille
48%
0330 Libégon
48%
0345 Lilia
48%
0218 Limagma
48%
0238 Lippouti
48%
0428 Lockpin
48%
0370 Lovdisc
48%
0738 Lucanon
48%
0448 Lucario
48%
0457 Luminéon
48%
0314 Lumivole
48%
0240 Magby
48%
0429 Magirêve
48%
0296 Makuhita
48%
0228 Malosse
48%
0473 Mammochon
48%
0490 Manaphy
48%
0734 Manglouton
48%
0335 Mangriff
48%
0438 Manzaï
48%
0220 Marcacrin
48%
0650 Marisson
48%
0284 Maskadra
48%
0726 Matoufeu
48%
0307 Méditikka
48%
0376 Métalosse
48%
0375 Métang
48%
0350 Milobellus
48%
0439 Mime Jr.
48%
0530 Minotaupe
48%
0478 Momartik
48%
0289 Monaflèmit
48%
0351 Morphéo
48%
0435 Moufflair
48%
0434 Moufouette
48%
0313 Muciole
48%
0704 Mucuscule
48%
0292 Munja
48%
0706 Muplodocus
48%
0418 Mustébouée
48%
0419 Mustéflott
48%
0303 Mysdibule
48%
0531 Nanméouïe
48%
0312 Négapi
48%
0668 Némélios
48%
0290 Ningale
48%
0291 Ninjask
48%
0524 Nodulithe
48%
0363 Obalie
48%
0224 Octillery
48%
0360 Okéoké
48%
0362 Oniglali
48%
0730 Oratoria
48%
0728 Otaquin
48%
0729 Otarlette
48%
0533 Ouvrifier
48%
0417 Pachirisu
48%
0484 Palkia
48%
0414 Papilord
48%
0287 Parecool
48%
0661 Passerouge
48%
0665 Pérégrain
48%
0231 Phanpy
48%
0489 Phione
48%
0364 Phogleur
48%
0731 Picassaut
48%
0732 Piclairon
48%
0441 Pijako
48%
0710 Pitrouille
48%
0353 Polichombr
48%
0233 Porygon2
48%
0474 Porygon-Z
48%
0311 Posipi
48%
0666 Prismillon
48%
0440 Ptiravi
48%
0235 Queulorior
48%
0294 Ramboum
48%
0451 Rapion
48%
0486 Regigigas
48%
0369 Relicanth
48%
0223 Rémoraid
48%
0528 Rhinolove
48%
0447 Riolu
48%
0368 Rosabyss
48%
0315 Rosélia
48%
0407 Roserade
48%
0529 Rototaupe
48%
0654 Roussil
48%
0406 Rozbouton
48%
0422 Sancoki
48%
0659 Sapereau
48%
0472 Scorvol
48%
0337 Séléroc
48%
0713 Séracrawl
48%
0367 Serpang
48%
0336 Séviper
48%
0319 Sharpedo
48%
0492 Shaymin
48%
0355 Skelénox
48%
0300 Skitty
48%
0338 Solaroc
48%
0714 Sonistrelle
48%
0327 Spinda
48%
0442 Spiritomb
48%
0325 Spoink
48%
0361 Stalgamin
48%
0299 Tarinor
48%
0476 Tarinorme
48%
0280 Tarsal
48%
0216 Teddiursa
48%
0302 Ténéfix
48%
0356 Téraclope
48%
0374 Terhal
48%
0535 Tritonde
48%
0423 Tritosor
48%
0357 Tropius
48%
0707 Trousselin
48%
0333 Tylton
48%
0217 Ursaring
48%
0346 Vacilys
48%
0329 Vibraninf
48%
0288 Vigoroth
48%
0721 Volcanion
48%
0219 Volcaropod
48%
0455 Vortente
48%
0320 Wailmer
48%
0321 Wailord
48%
0716 Xerneas
48%
0717 Yveltal
48%
0522 Zébibron
48%
0523 Zéblitz
48%
0718 Zygarde
48%
0631 Afflamanoir
44%
0698 Amagara
44%
0751 Araqua
44%
0769 Bacabouh
44%
0560 Baggaïd
44%
0559 Baggiguane
44%
0550 Bargantua
44%
0742 Bombydou
44%
0641 Boréas
44%
0750 Bourrinos
44%
0701 Brutalibré
44%
0913 Canarbello
44%
0762 Candine
44%
0760 Chelours
44%
0909 Chochodile
44%
0638 Cobaltium
44%
0683 Cocotine
44%
0912 Coiffeton
44%
0676 Couafarel
44%
0558 Crabaraque
44%
0557 Crabicoque
44%
0910 Crocogril
44%
0553 Crocorible
44%
0761 Croquine
44%
0561 Cryptéro
44%
0685 Cupcanaille
44%
0555 Darumacho
44%
0554 Darumarond
44%
0702 Dedenne
44%
0645 Démétéros
44%
0634 Diamat
44%
0680 Dimoclès
44%
0699 Dragmara
44%
0552 Escroco
44%
0681 Exagide
44%
0215 Farfuret
44%
0632 Fermite
44%
0918 Filentrappe
44%
0911 Flâmigator
44%
0692 Flingouste
44%
0754 Floramantis
44%
0682 Fluvetin
44%
0916 Fragroin
44%
0746 Froussardine
44%
0642 Fulguris
44%
0627 Furaiglon
44%
0694 Galvaran
44%
0920 Gambex
44%
0693 Gamblast
44%
0649 Genesect
44%
0689 Golgopathe
44%
0915 Gourmelet
44%
0765 Gouroutan
44%
0628 Gueriaigle
44%
0764 Guérilande
44%
0695 Iguolta
44%
0647 Keldeo
44%
0691 Kravarech
44%
0646 Kyurem
44%
0756 Lampignon
44%
0919 Lilliterelle
44%
0745 Lougaroc
44%
0758 Malamandre
44%
0556 Maracachi
44%
0551 Mascaïman
44%
0907 Matourgeon
44%
0648 Meloetta
44%
0908 Miascarade
44%
0753 Mimantis
44%
0678 Mistigrix
44%
0679 Monorpale
44%
0479 Motisma
44%
0477 Noctunoir
44%
0759 Nounourson
44%
0700 Nymphali
44%
0688 Opermine
44%
0914 Palmaval
44%
0675 Pandarbare
44%
0674 Pandespiègle
44%
0741 Plumeline
44%
0906 Poussacha
44%
0748 Prédastérie
44%
0677 Psystigri
44%
0696 Ptyranidur
44%
0637 Pyrax
44%
0636 Pyronille
44%
0766 Quartermac
44%
0643 Reshiram
44%
0697 Rexillius
44%
0744 Rocabot
44%
0743 Rubombelle
44%
0768 Sarmuraï
44%
0214 Scarhino
44%
0686 Sepiatop
44%
0687 Sepiatroce
44%
0773 Silvallié
44%
0633 Solochi
44%
0767 Sovkipou
44%
0755 Spododo
44%
0703 Strassie
44%
0763 Sucreine
44%
0684 Sucroquin
44%
0752 Tarenbulle
44%
0639 Terrakium
44%
0749 Tiboudet
44%
0917 Tissenboule
44%
0770 Trépassable
44%
0635 Trioxhydre
44%
0757 Tritox
44%
0562 Tutafeh
44%
0563 Tutankafer
44%
0772 Type:0
44%
0630 Vaututrice
44%
0690 Venalgue
44%
0640 Viridium
44%
0747 Vorastérie
44%
0629 Vostourno
44%
0644 Zekrom
44%
0567 Aéroptéryx
40%
0602 Anchwatt
40%
0566 Arkéapti
40%
0797 Bamboiselle
40%
0782 Bébécaille
40%
0776 Boumata
40%
0927 Briochien
40%
0796 Câblifère
40%
0795 Cancrelove
40%
0588 Carabing
40%
0564 Carapagos
40%
0572 Chinchidou
40%
0600 Clic
40%
0601 Cliticlic
40%
0771 Concombaffe
40%
0789 Cosmog
40%
0790 Cosmovum
40%
0580 Couaneton
40%
0610 Coupenotte
40%
0779 Denticrisse
40%
0775 Dodoala
40%
0780 Draïeul
40%
0621 Drakkarmin
40%
0783 Écaïd
40%
0784 Ékaïser
40%
0587 Emolga
40%
0799 Engloutyran
40%
0616 Escargaume
40%
0626 Frison
40%
0607 Funécire
40%
0591 Gaulet
40%
0623 Golemastoc
40%
0597 Grindur
40%
0622 Gringolem
40%
0586 Haydaim
40%
0615 Hexagel
40%
0611 Incisache
40%
0798 Katagami
40%
0619 Kungfouine
40%
0581 Lakmécygne
40%
0603 Lampéroie
40%
0589 Lançargot
40%
0605 Lewsor
40%
0617 Limaspeed
40%
0618 Limonde
40%
0609 Lugulabre
40%
0792 Lunala
40%
0594 Mamanbo
40%
0565 Mégapagos
40%
0578 Méios
40%
0608 Mélancolux
40%
0575 Mesmérella
40%
0774 Météno
40%
0568 Miamiasme
40%
0569 Miasmax
40%
0778 Mimiqui
40%
0794 Mouscoto
40%
0593 Moyade
40%
0596 Mygavolt
40%
0800 Necrozma
40%
0606 Neitram
40%
0598 Noacier
40%
0577 Nucléos
40%
0604 Ohmassacre
40%
0573 Pashmilla
40%
0926 Pâtachiot
40%
0921 Pohm
40%
0923 Pohmarmotte
40%
0922 Pohmotte
40%
0614 Polagriffe
40%
0613 Polarhume
40%
0624 Scalpion
40%
0625 Scalproie
40%
0574 Scrutella
40%
0620 Shaofouine
40%
0576 Sidérella
40%
0781 Sinistrail
40%
0791 Solgaleo
40%
0582 Sorbébé
40%
0584 Sorbouboul
40%
0583 Sorboul
40%
0595 Statitik
40%
0579 Symbios
40%
0599 Tic
40%
0777 Togedemaru
40%
0788 Tokopisco
40%
0786 Tokopiyon
40%
0785 Tokorico
40%
0787 Tokotoro
40%
0612 Tranchodon
40%
0590 Trompignon
40%
0592 Viskuse
40%
0585 Vivaldaim
40%
0793 Zéroïd
40%
0571 Zoroark
40%
0570 Zorua
40%
0805 Ama-Ama
36%
0905 Amovénus
36%
0930 Arboliva
36%
0817 Arrozard
36%
0826 Astronelle
36%
0811 Badabouin
36%
0830 Blancoton
36%
0822 Bleuseille
36%
0896 Blizzeval
36%
0899 Cerbyllin
36%
0837 Charbi
36%
0825 Coléodôme
36%
0924 Compagnol
36%
0823 Corvaillus
36%
0886 Dispareptil
36%
0842 Dratatin
36%
0844 Dunaconda
36%
0843 Dunaja
36%
0884 Duralugon
36%
0890 Éthernatos
36%
0925 Famignol
36%
0885 Fantyrm
36%
0903 Farfurex
36%
0813 Flambino
36%
0836 Fulgudog
36%
0812 Gorythmic
36%
0827 Goupilou
36%
0900 Hachécateur
36%
0833 Khélocrok
36%
0887 Lanssorien
36%
0814 Lapyro
36%
0816 Larméléon
36%
0824 Larvadar
36%
0818 Lézargus
36%
0801 Magearna
36%
0804 Mandrillon
36%
0802 Marshadow
36%
0809 Melmetal
36%
0808 Meltan
36%
0821 Minisange
36%
0839 Monthracite
36%
0832 Moumouflon
36%
0831 Moumouton
36%
0929 Olivado
36%
0928 Olivini
36%
0810 Ouistempo
36%
0902 Paragruel
36%
0806 Pierroteknik
36%
0841 Pomdrapi
36%
0815 Pyrobut
36%
0904 Qwilpik
36%
0895 Regidrago
36%
0894 Regieleki
36%
0819 Rongourmand
36%
0820 Rongrigou
36%
0828 Roublenard
36%
0892 Shifours
36%
0897 Spectreval
36%
0898 Sylveroy
36%
0834 Torgamord
36%
0829 Tournicoton
36%
0901 Ursaking
36%
0803 Vémini
36%
0840 Verpom
36%
0835 Voltoutou
36%
0838 Wagomine
36%
0891 Wushours
36%
0888 Zacian
36%
0889 Zamazenta
36%
0893 Zarude
36%
0807 Zeraora
36%
0933 Amassel
32%
0861 Angoliath
32%
0875 Bekaglaçon
32%
0873 Beldeneige
32%
0863 Berserkatt
32%
0856 Bibichut
32%
0857 Chapotus
32%
0878 Charibari
32%
0869 Charmilly
32%
0864 Corayôme
32%
0868 Crèmy
32%
0874 Dolman
32%
0846 Embrochet
32%
0860 Fourbelin
32%
0872 Frissonille
32%
0881 Galvagla
32%
0880 Galvagon
32%
0934 Gigansel
32%
0944 Gribouraigne
32%
0850 Grillepattes
32%
0859 Grimalin
32%
0847 Hastacuda
32%
0883 Hydragla
32%
0882 Hydragon
32%
0862 Ixon
32%
0877 Morpeko
32%
0845 Nigosier
32%
0879 Pachyradjah
32%
0865 Palarticho
32%
0849 Salarsen
32%
0851 Scolocendre
32%
0932 Selutin
32%
0858 Sorcilence
32%
0945 Tag-Tag
32%
0848 Toxizap
32%
0867 Tutétékri
32%
0871 Wattapik
32%
0939 Ampibidou
28%
1002 Baojian
28%
0936 Carmadura
28%
0935 Charbambin
28%
1001 Chongjian
28%
0997 Cryodo
28%
1003 Dinglu
28%
0943 Dogrino
28%
0995 Épine-de-Fer
28%
0987 Flotte-Mèche
28%
0986 Fongus-Furie
28%
0984 Fort-Ivoire
28%
0996 Frigodo
28%
0941 Fulgulairo
28%
1006 Garde-de-Fer
28%
0998 Glaivodo
28%
1000 Gromago
28%
0942 Grondogue
28%
0870 Hexadron
28%
0991 Hotte-de-Fer
28%
0985 Hurle-Queue
28%
1007 Koraidon
28%
0853 Krakos
28%
0937 Malvalame
28%
0866 M. Glaquette
28%
1008 Miraidon
28%
0994 Mite-de-Fer
28%
0999 Mordudor
28%
0992 Paume-de-Fer
28%
1025 Pêchaminus
28%
0989 Pelage-Sablé
28%
1012 Poltchageist
28%
0855 Polthégeist
28%
1011 Pomdramour
28%
0852 Poulpaf
28%
0988 Rampe-Ailes
28%
0990 Roue-de-Fer
28%
1005 Rugit-Lune
28%
1009 Serpente-Eau
28%
0931 Tapatoès
28%
0938 Têtampoule
28%
0993 Têtes-de-Fer
28%
0854 Théffroi
28%
1013 Théffroyable
28%
1010 Vert-de-Fer
28%
0876 Wimessir
28%
1004 Yuyu
28%
0940 Zapétrel
28%
0975 Balbalèze
24%
1023 Chef-de-Fer
24%
0979 Courrousinge
24%
0976 Délestin
24%
0982 Deusolourdo
24%
0981 Farigiraf
24%
1014 Félicanis
24%
1020 Feu-Perçant
24%
0973 Flamenroule
24%
0970 Floréclat
24%
0959 Forgelina
24%
0958 Forgella
24%
0957 Forgerette
24%
0969 Germéclat
24%
1021 Ire-Foudre
24%
0978 Nigirigon
24%
0977 Oyacata
24%
0974 Piétacé
24%
1019 Pomdorochi
24%
1018 Pondralugon
24%
1022 Roc-de-Fer
24%
0983 Scalpereur
24%
0948 Terracool
24%
0949 Terracruel
24%
0980 Terraiste
24%
0972 Tomberro
24%
0971 Toutombe
24%
0947 Virevorreur
24%
0946 Virovent
24%
0954 Bérasca
20%
0956 Cléopsytra
20%
0950 Craparoi
20%
0963 Dofin
20%
1016 Favianos
20%
0968 Ferdeter
20%
0955 Flotillon
20%
1015 Fortusimia
20%
0953 Léboulérou
20%
0962 Lestombaile
20%
0967 Motorizard
20%
1017 Ogerpon
20%
0951 Pimito
20%
0952 Scovilain
20%
0964 Superdofin
20%
0960 Taupikeau
20%
1024 Terapagos
20%
0961 Triopikeau
20%
0965 Vrombi
20%
0966 Vrombotor
20%
Aucun quiz correspondant
Distribution des résultats
% des personnes avec chaque résultat
Percentile par nombre de réponses
Votre historique - résultats
Vous n’avez pas pris ce quiz depuis la dernière actualisation